八尺門 : 再現2%的希望與奮鬥

資料類型: Book 圖書   書目號:46610

Leader xxxxxxxxxx
001 __ PCLIS00046610
005 __ 20220105091651.0
010 0_ |a978-986-88314-7-6|b平裝|dNT$800
100 __ |a20131126d2013    m  y0chiy09      e
101 0_ |achi
102 __ |atw
105 __ |aa   z   000yy
200 1_ |a八尺門|e再現2%的希望與奮鬥|f關曉榮著
205 __ |a初版
210 __ |a臺北市|c南方家園出版|c聯合發行總經銷|d2013[民102]
215 0_ |a431面, 摺頁圖版[2]面|c圖, 表|d25公分
300 __ |a附錄: 基隆市15歲以上原住民教育程度統計(2010年底), 基隆市海濱原住民國宅部分住戶資料
300 __ |a附錄以摺頁圖版呈現
517 _1 |a再現2%的希望與奮鬥|zchi
517 _1 |a再現百分之二的希望與奮鬥|zchi
606 __ |2csh|a阿美族
606 __ |2csh|a文化史
681 __ |a536.337|b8466
700 _1 |a|b曉榮|4801 _0 |atw|b內湖高中|c20131126|gCCR
詳細館藏(共 1 筆)
索 書 號登 錄 號冊次號館別 / 館藏地流通類型狀態加入預約清單電子資源
536.337 / 8466 1021324  圖書館 / 二樓普通區 可外借30天 在館   

| 條列資料




目錄查詢 分類查詢 個人資料 圖書薦購 新書查詢 閉館日 排行榜 更多電子資源 Hami書城 線上資料庫 登出

From : 216.73.217.14

  本日流通累計至 15:24:47 借閱 : 0 次 續借 : 0 次 歸還 : 0 次 預約 : 0 次 電子資源 : 0 次


內湖高中圖書館  PCLIS 版本  25.5.0.2